|
|
|
|
| LEADER |
00000nam0a2200000 4500 |
| 001 |
349879 |
| 005 |
20231102010239.0 |
| 035 |
|
|
|a (RuTPU)RU\TPU\retro\2990
|
| 090 |
|
|
|a 349879
|
| 100 |
|
|
|a 20180920d1964 k y0rusy50 ca
|
| 101 |
1 |
|
|a rus
|c eng
|
| 102 |
|
|
|a RU
|
| 105 |
|
|
|a a z 001zy
|
| 200 |
1 |
|
|a Гидродинамическая неустойчивость
|e пер. с англ.
|f пер. А. С. Монин
|
| 210 |
|
|
|a Москва
|c Мир
|d 1964
|
| 215 |
|
|
|a 372 с.
|c ил.
|
| 320 |
|
|
|a Предм. указ.: с. 368-371
|
| 320 |
|
|
|a Именной указатель: с. 363-368
|
| 510 |
1 |
|
|a Hydrodynamic instability
|z eng
|
| 606 |
|
|
|a Гидродинамическая неустойчивость
|2 stltpush
|3 (RuTPU)RU\TPU\subj\6659
|9 34485
|
| 610 |
1 |
|
|a турбулентность
|
| 610 |
1 |
|
|a морские волны
|
| 610 |
1 |
|
|a теория управления
|
| 610 |
1 |
|
|a гидродинамика
|
| 610 |
1 |
|
|a нелинейные процессы
|
| 610 |
1 |
|
|a исследования
|
| 675 |
|
|
|a 532.5.013.4
|v 4
|
| 702 |
|
1 |
|a Монин
|b А. С.
|4 730
|
| 801 |
|
1 |
|a RU
|b 63413507
|c 20180920
|
| 801 |
|
2 |
|a RU
|b 63413507
|c 20190711
|g RCR
|
| 942 |
|
|
|c BK
|